La séduction de la vertu dans le roman libertin français: Crébillon, Laclos, Duclos

Skúmanie troch majstrovských diel francúzskeho románu o oslobodení z 18. storočia.

Gespeichert in:
Bibliographische Detailangaben
1. Verfasser: Tureková, Andrea, 1979-
Format: Buchkapitel
Sprache:Französisch
Schlagworte:
Tags: Tag hinzufügen
Keine Tags, Fügen Sie das erste Tag hinzu!

MARC

LEADER 00000naa a2200000 4500
001 0303587
005 20240813104641.8
041 0 |a fre 
044 |a CZ 
245 1 0 |a La séduction de la vertu dans le roman libertin français: Crébillon, Laclos, Duclos  |c Andrea Tureková 
520 |a Skúmanie troch majstrovských diel francúzskeho románu o oslobodení z 18. storočia. 
610 2 0 |a literatúra 
610 2 0 |a filológia 
610 2 0 |a história 
610 2 0 |a Francúzsko 
100 1 |a Tureková, Andrea, 1979-